| 000 | 01092nas a2200361 4500 | ||
|---|---|---|---|
| 001 | BR2010005240 | ||
| 003 | BR-BrBNA | ||
| 005 | 20231205114332.0 | ||
| 007 | ta | ||
| 008 | 230509b bl.|||p| |||| 00| 00por d | ||
| 040 |
_aBR-BrBNA _bpor _cBiblioteca Nacional de Agricultura |
||
| 041 | _a(Pt) | ||
| 072 | _aF30 | ||
| 100 | 1 | _aCardoso, J.M.K. | |
| 100 | 1 | _aOblessuc, P.R. | |
| 100 | 1 | _acampos, T. de | |
| 100 | 1 | _aSforça, D.A. | |
| 100 | 1 | _aCarbonell, S.A.M. | |
| 100 | 1 | _aChioratto, A.F. | |
| 100 | 1 | _aFormighieri, E.F. | |
| 100 | 1 | _aSouza, A.P. de | |
| 100 | 1 | _aBenchimol, L.L. | |
| 245 | 1 | _aNew microsatellite markers developed from an enriched microsatellite common bean library | |
| 650 | _aFEIJÃO | ||
| 650 | _aDNA | ||
| 650 | _aMELHORAMENTO GENÉTICO VEGETAL | ||
| 650 | _aMARCADOR MOLECULAR | ||
| 650 | _aMETABOLISMO VEGETAL | ||
| 650 | _aVARIAÇÃO GENÉTICA | ||
| 773 | 0 |
_tPesquisa Agropecuária Brasileira (Brazil) _xISSN 0100-204X _g(Jul 2008), v. 43(7) p. 929-936 _wBR2010005240 |
|
| 909 |
_a202311 _bLúcia _c55 _dLúcia Elande |
||
| 942 |
_2AGRIS _n0 _cANA |
||
| 999 |
_c208279 _d208279 |
||